Paroles - Monde Nouveau - Feu! Chatterton - Statistiques

Statistiques générales
  • Ce quiz a été pris 34 fois
    33 depuis la dernière actualisation
  • Le résultat moyen est 183 sur 271
Statistiques - réponses
Réponse % Correct
le
100%
Le
100%
monde
100%
Monde
100%
Un
100%
un
100%
de
96%
nouveau
96%
à
92%
À
92%
sur
92%
en
88%
on
88%
On
88%
que
88%
Que
88%
sa
88%
faire
83%
grand
79%
les
79%
pays
79%
se
79%
Se
79%
tous
79%
La
75%
la
75%
mains
75%
mais
75%
Mais
75%
nos
75%
rêvait
75%
du
71%
nous
71%
Nous
71%
vent
71%
dans
67%
des
67%
Des
67%
rien
67%
Soufflait
67%
bleue
63%
bluetooth
63%
Presque
63%
presque
63%
très
63%
central
58%
demain
58%
et
58%
savions-nous
58%
serveur
58%
Ça
54%
chaudement
54%
comprendre
54%
n'y
54%
C'était
50%
fondait
50%
glace
50%
qui
50%
une
50%
attraper
46%
bien
46%
climat
46%
ébahi
46%
pas
46%
subsaharien
46%
temps
46%
Tout
46%
Zéro
46%
au
42%
bain
42%
bras
42%
d'esprit
42%
moitié
42%
mollement
42%
mots
42%
pouvait
42%
sans
42%
traits
42%
éléments
38%
foule
38%
frousse
38%
même
38%
moral
38%
mouillait
38%
pixels
38%
prendre
38%
spritzs
38%
ville
38%
millions
33%
n'avait
33%
plaignait
33%
S'attraper
33%
bégayait
29%
était
29%
étions
29%
foutait
29%
loi
29%
l'on
29%
pleuvaient
29%
poils
29%
publicité
29%
répondait
29%
sous
29%
yeux
29%
cernés
25%
ciel
25%
Comme
25%
dévot
25%
l'évidence
25%
l'monde
25%
lumière
25%
masquait
25%
nez
25%
nouvelle
25%
pendait
25%
pris
25%
vive
25%
clarté
21%
faits
21%
Aucun quiz correspondant
Distribution des résultats
% des personnes avec chaque résultat
Percentile par nombre de réponses
Votre historique - résultats
Vous n’avez pas pris ce quiz depuis la dernière actualisation